Sociální dialog o otázkách stárnoucí populace

Demografický vývoj Európy v r. 2000-2050. Dôchodkový vek v niektorých krajinách Európy. Problémy zamestnanosti stárnuceho obyvateľstva Európy.

Gespeichert in:
Bibliographische Detailangaben
1. Verfasser: Pavlík, Petr
Format: Buchkapitel
Sprache:Tschechisch
Schlagworte:
Tags: Tag hinzufügen
Keine Tags, Fügen Sie das erste Tag hinzu!

MARC

LEADER 00000naa a2200000 4500
001 r047939
005 20230922101146.5
041 0 |a cze 
044 |a CZ 
245 1 0 |a Sociální dialog o otázkách stárnoucí populace  |c Petr Pavlík 
520 |a Demografický vývoj Európy v r. 2000-2050. Dôchodkový vek v niektorých krajinách Európy. Problémy zamestnanosti stárnuceho obyvateľstva Európy. 
610 2 0 |a demografia 
610 2 0 |a vývoj populačný 
610 2 0 |a vek neproduktívny 
610 2 0 |a Európa 
100 1 |a Pavlík, Petr